| 000 | 01066cam a2200289 ib4500 | ||
|---|---|---|---|
| 001 | 4296751 | ||
| 003 | EG-ScBUE | ||
| 005 | 20251216100522.0 | ||
| 008 | 860613t1987 caua f b 001 0 eng | ||
| 020 | _a0865423237 (volume1) | ||
| 040 |
_aEG-ScBUE _beng _erda _cEG-ScBUE _dEG-ScBUE |
||
| 082 | 0 | 4 |
_a549.125 _222 _bEHL |
| 100 | 1 |
_aEhlers, Ernest G., _97570 _eauthor. |
|
| 245 | 1 | 0 |
_aOptical mineralogy. _nVolume 1, _pTheory and technique / _cErnest G. Ehlers, Professor Emeritus, Ohio State University. |
| 246 | 3 | 0 | _aTheory and technique |
| 264 | 1 |
_aPalo Alto, California : _bBlackwell Scientific Publications, _c[1987] |
|
| 264 | 4 | _cc1987 | |
| 300 |
_axiv, 158 pages : _billustrations (some color) ; _c26 cm |
||
| 336 |
_2rdacontent _atext _btxt |
||
| 337 |
_aunmediated _2rdamedia _bn |
||
| 338 |
_avolume _bnc _2rdacarrier |
||
| 504 | _aIncludes bibliographical references and index. | ||
| 505 | 0 | _aVolume 1. Theory and Technique -- Volume 2. Mineral Descriptions. | |
| 650 | 7 |
_aOptical mineralogy. _97571 _2BUEsh |
|
| 655 | _vReading book | ||
| 942 |
_2ddc _cBB |
||
| 999 |
_c12202 _d12202 |
||